Les plus grandes villes sur la Vilaine - Statistiques

Statistiques générales
  • Ce quiz a été pris 94 fois
  • Le résultat moyen est 5 sur 16
Statistiques - réponses
Population (2017) Ville sur la Vilaine % Correct
213,500 Rennes
99%
8,900 Redon
65%
17,600 Vitré
58%
17,200 Cesson-Sévigné
51%
17,400 Bruz
50%
12,300 Saint-Jacques-de-la-Lande
31%
8,100 Guichen
29%
5,700 Noyal-sur-Vilaine
26%
6,800 Châteaubourg
25%
6,800 Guipry-Messac
25%
6,400 Acigné
18%
3,600 Servon-sur-Vilaine
14%
5,200 Vezin-le-Coquet
11%
3,700 Chavagne
8%
5,000 Laillé
8%
4,400 Nivillac
7%
Aucun quiz correspondant
Distribution des résultats
% des personnes avec chaque résultat
Percentile par nombre de réponses
Votre historique - résultats
Vous n’avez pas pris ce quiz